Desarrollo del Sistema Ciclístico de la Ciudad de Managua
Este estudio contiene los conceptos y elementos del sistema de transporte motorizado, del sistema de transporte urbano colectivo y del sistema de transporte no motorizado. Antecedentes del abastecimiento de petróleo de Nicaragua, importancia de petróleo crudo y sus derivados. Se presentan las cara...
| Main Authors: | , , |
|---|---|
| Other Authors: | |
| Format: | Tesis Section = Libro |
| Language: | Undetermined Spanish |
| Published: |
Managua
UNI
1993
|
| Subjects: |
| LEADER | 01383nam a2200265Ia 4500 | ||
|---|---|---|---|
| 008 | 240830s9999 xx 000 0 und d | ||
| 040 | |a BIBLIOTECA-RUPAP MON 629.04 E92 | ||
| 041 | |a spa | ||
| 082 | |a MON 629.04 E92 | ||
| 100 | 1 | |a Eva Cantón, Vilma Eugenia | |
| 100 | 1 | |b Castro Marín | |
| 100 | 1 | |c Jarold Bernave | |
| 245 | 1 | 0 | |a Desarrollo del Sistema Ciclístico de la Ciudad de Managua |
| 260 | |a Managua |b UNI |c 1993 | ||
| 300 | |a 187 p. :il. | ||
| 502 | |a Tesis (Ingeniero Civil)- UNI, 1993. | ||
| 520 | 3 | |a Este estudio contiene los conceptos y elementos del sistema de transporte motorizado, del sistema de transporte urbano colectivo y del sistema de transporte no motorizado. Antecedentes del abastecimiento de petróleo de Nicaragua, importancia de petróleo crudo y sus derivados. Se presentan las características de la bicicleta, antecedentes del uso y fomento de la bicicleta en Nicaragua., expectativas futuras del uso de la misma. Contiene además las características generales de las ciclovías y ciclofajas, las etapas de un proyecto cicloviario y la localización de los corredores ciclístico. | |
| 650 | 7 | |a TRANSPORTE POR CARRETERA | |
| 650 | 7 | |b INGENIERIA DEL TRANSITO (MANAGUA) | |
| 650 | 7 | |c CICLISMO (MANAGUA) | |
| 650 | 7 | |d INGENIERIA CIVIL | |
| 700 | 1 | |a Tutor: |b Calvo Rojas, Lucas Bernardo | |
| 942 | |c BK |2 ddc | ||
| 991 | |a TESIS | ||
| 999 | |c 16602 | ||